Hegel : notas de trabajo /

Obra que da cuenta no sólo de la exposición que Ortega y Gasset hace de Hegel, sino de la manera cómo lo interpretó e incorporó a su pensamiento, para responder a los problemas de su tiempo. Estos apuntes y comentarios sobre Hegel, están estructurados en tres apartados: 1. Notas de juventud; 2. Filo...

Celý popis

Uloženo v:
Podrobná bibliografie
Hlavní autor: Ortega y Gasset, José (autor)
Další autoři: Hernández Sánchez, Domingo (edición) (edición)
Médium: Kniha
Jazyk:španělština
Vydáno: Madrid, España : Abada, 2007, c2007
Témata:
Tagy: Přidat tag
Žádné tagy, Buďte první, kdo vytvoří štítek k tomuto záznamu!

MARC

LEADER 00000nam^a2200000^a^4500
001 000273100
005 20250521000000.0
009 20260310111119.674
020 |a 978-84-96775-07-7 
037 |a Acervo ITESO - Biblioteca 
041 |a ESP 
082 |a 141.  |b HEG EST ORT 
100 |a Ortega y Gasset, José  |e (autor) 
245 1 0 |a Hegel :  |b notas de trabajo /  |c J. Ortega y Gasset ; Ed. de D. Hernández Sánchez. 
264 4 |a Madrid, España :  |b Abada,  |c 2007, c2007 
300 |a 211 p. 
336 |a texto  |b txt  |2 rdacontenido 
337 |a sin mediación  |b n  |2 rdamedio 
338 |a volumen  |b nc  |2 rdasoporte 
520 |a Obra que da cuenta no sólo de la exposición que Ortega y Gasset hace de Hegel, sino de la manera cómo lo interpretó e incorporó a su pensamiento, para responder a los problemas de su tiempo. Estos apuntes y comentarios sobre Hegel, están estructurados en tres apartados: 1. Notas de juventud; 2. Filosofía de la historia; III. Dialéctica. 
649 |a XX 
650 |a Filósofos Alemanes 
650 |a Ontología 
650 |a Historia -  |x Filosofía 
650 |a Materialismo Histórico y Dialéctico 
650 |a Idealismo -  |x Historia y Crítica 
650 |a Filosofía del Siglo XIX -  |x Historia y Crítica 
650 |a Filosofía Alemana -  |x Historia y Crítica 
650 |a Vitalismo 
650 |a Racionalismo 
650 |a Filosofía del Siglo XX 
650 |a Filosofía Española 
600 |a Hegel, Friedrich 
700 |a Hernández Sánchez, Domingo  |e (edición) 
910 |a Fondo General 
920 |a Impresos - Libros 
930 |a Colección General 
905 |a 101 
901 |a 0500158806  |b IT1  |c ACC  |u 20250521 
902 |a https://opac.biblio.iteso.mx/vufind/Record/000273100